00331nam a2200121Ia 45000030006000000080041000060400015000471000014000622450073000762600031001495460012001800050017001920STCL150530s9999 xx 000 0 und d aSTCLcSTCL aRow, T.V. aNew light on fundamental problems induing nature and function of art bUniversity of Madrasc1932 aEnglish20220125170629.0